[Event "Titled Tuesday intern op 01st Aug Late"]
[Site "Chess.com INT"]
[Date "2023.08.01"]
[Round "7"]
[White "Dubnevych, Maksym"]
[Black "Mladek, Richard"]
[Result "1-0"]
[WhiteElo "2391"]
[BlackElo "2368"]
[PlyCount "87"]
[EventDate "2023.08.01"]
[EventType "swiss (blitz)"]
[EventRounds "11"]
[EventCountry "USA"]
[SourceTitle "EXT 2024"]
[Source "ChessBase"]
[SourceDate "2023.10.10"]
[SourceVersion "1"]
[SourceVersionDate "2023.10.10"]
[SourceQuality "1"]

1. d4 d5 2. c4 e6 3. Nf3 Nf6 4. Nc3 c5 5. cxd5 exd5 6. g3 Nc6 7. Bg2 cxd4 8. Nxd4 Bc5 9. Be3 Qb6 10. Nxc6 Bxe3 11. fxe3 bxc6 12. Qd4 0-0 13. Qxb6 axb6 14. 0-0-0 Re8 15. e4 dxe4 16. Rd6 Bb7 17. Rhd1 b5 18. a3 h6 19. Bh3 Re5 20. Bd7 Ra6 21. e3 Kf8 22. h4 Ke7 23. Bh3 h5 24. Rd7+ Nxd7 25. Rxd7+ Kf8 26. Rxb7 f5 27. Ne2 c5 28. Nf4 Rd6 29. Rxb5 Kf7 30. Bf1 g6 31. Bc4+ Kf6 32. Rb8 Rd7 33. Rf8+ Kg7 34. Rg8+ Kh7 35. Rxg6 Re8 36. Rg5 Red8 37. Rxh5+ Kg7 38. Rg5+ Kh7 39. Kb1 Rd2 40. Rxf5 Rb8 41. b3 Rbd8 42. Rf7+ Kh8 43. Ng6+ Kg8 44. Rd7+ 1-0

[Event "Titled Tuesday intern op 01st Aug Late"]
[Site "Chess.com INT"]
[Date "2023.08.01"]
[Round "1"]
[White "Ruge, Edison"]
[Black "Mladek, Richard"]
[Result "0-1"]
[WhiteElo "2201"]
[BlackElo "2368"]
[PlyCount "78"]
[EventDate "2023.08.01"]
[EventType "swiss (blitz)"]
[EventRounds "11"]
[EventCountry "USA"]
[SourceTitle "EXT 2024"]
[Source "ChessBase"]
[SourceDate "2023.10.10"]
[SourceVersion "1"]
[SourceVersionDate "2023.10.10"]
[SourceQuality "1"]

1. e4 c5 2. Nf3 d6 3. d3 g6 4. Nbd2 Bg7 5. g3 Nc6 6. Bg2 Rb8 7. h4 Bg4 8. 0-0 Nf6 9. c3 b5 10. Qc2 0-0 11. Re1 b4 12. e5 dxe5 13. Nxe5 Nxe5 14. Rxe5 bxc3 15. bxc3 Nd7 16. Re1 Qa5 17. Rb1 Qxc3 18. Qxc3 Bxc3 19. Rxb8 Rxb8 20. Rxe7 Ne5 21. Ne4 Rb1 22. Nxc3 Rxc1+ 23. Kh2 Nf3+ 24. Bxf3 Bxf3 25. g4 Rxc3 26. Kg3 Rxd3 27. Kf4 Kg7 28. Rxa7 Bd5 29. Rc7 c4 30. h5 h6 31. Ke5 Be6 32. hxg6 Kxg6 33. f4 Bxg4 34. Rxc4 Ra3 35. Rc6+ Kg7 36. f5 Ra5+ 37. Kf4 Bxf5 38. a4 Be6 39. Rc4 Bxc4 0-1

[Event "Pardubice Czech op-A 34th"]
[Site "Pardubice"]
[Date "2023.07.29"]
[Round "9"]
[White "Mladek, Richard"]
[Black "Vaibhav, Jayant Raut"]
[Result "1-0"]
[WhiteElo "2421"]
[BlackElo "2218"]
[PlyCount "45"]
[EventDate "2023.07.21"]
[EventType "swiss"]
[EventRounds "9"]
[EventCountry "CZE"]
[SourceTitle "CBM 215 Extra"]
[Source "ChessBase"]
[SourceDate "2023.09.30"]
[SourceVersion "1"]
[SourceVersionDate "2023.09.30"]
[SourceQuality "1"]

1. d4 Nf6 2. c4 e6 3. Nf3 b6 4. g3 Bb7 5. Bg2 d5 6. cxd5 exd5 7. 0-0 Bd6 8. Nc3 a6 9. Nh4 0-0 10. Bg5 Be7 11. Nf5 c6 12. e4 dxe4 13. Nxe4 Nd5 14. Bh6 g6 15. Nxe7+ Qxe7 16. Bxf8 Qxf8 17. Nc3 Nd7 18. Nxd5 cxd5 19. Rc1 Qd6 20. Re1 Nf6 21. Qc2 Rc8 22. Qb3 Rd8 23. Qa3 1-0

[Event "Titled Tuesday intern op 06th Jun Early"]
[Site "Chess.com INT"]
[Date "2023.06.06"]
[Round "6"]
[White "Mladek, Richard"]
[Black "Radzhabov, Rodion"]
[Result "1-0"]
[WhiteElo "2422"]
[BlackElo "2308"]
[PlyCount "59"]
[EventDate "2023.06.06"]
[EventType "swiss (blitz)"]
[EventRounds "11"]
[EventCountry "USA"]
[SourceTitle "EXT 2024"]
[Source "ChessBase"]
[SourceDate "2023.10.10"]
[SourceVersion "1"]
[SourceVersionDate "2023.10.10"]
[SourceQuality "1"]

1. d4 Nf6 2. c4 e6 3. Nc3 Bb4 4. e3 c5 5. Bd2 cxd4 6. exd4 d5 7. c5 Nc6 8. Nf3 0-0 9. Bb5 Bxc3 10. Bxc3 Ne4 11. Rc1 Nxc3 12. Rxc3 Qa5 13. Qa4 Qxa4 14. Bxa4 Ne7 15. b4 f6 16. Kd2 e5 17. dxe5 fxe5 18. Nxe5 Rxf2+ 19. Ke3 Rxa2 20. Bb3 Rxg2 21. b5 Be6 22. c6 bxc6 23. bxc6 Nf5+ 24. Kd3 Kf8 25. c7 Ke7 26. Nc6+ Kd6 27. Nd8 Rc8 28. Re1 Bg8 29. Nb7+ Kd7 30. Ba4# 1-0

[Event "Titled Tuesday intern op 06th Jun Early"]
[Site "Chess.com INT"]
[Date "2023.06.06"]
[Round "3"]
[White "Mladek, Richard"]
[Black "Todorovic, Bojan"]
[Result "0-1"]
[WhiteElo "2422"]
[BlackElo "2195"]
[PlyCount "70"]
[EventDate "2023.06.06"]
[EventType "swiss (blitz)"]
[EventRounds "11"]
[EventCountry "USA"]
[SourceTitle "EXT 2024"]
[Source "ChessBase"]
[SourceDate "2023.10.10"]
[SourceVersion "1"]
[SourceVersionDate "2023.10.10"]
[SourceQuality "1"]

1. e4 g6 2. d4 Bg7 3. Nf3 d6 4. Nc3 a6 5. Be2 Nd7 6. 0-0 b5 7. Qd3 Bb7 8. a4 b4 9. Nd5 Ngf6 10. c4 bxc3 11. Nxc3 0-0 12. a5 c5 13. d5 Ne8 14. Bf4 Nc7 15. Ra2 Nb5 16. Nd2 Ne5 17. Qc2 Nd4 18. Qd1 e6 19. Nc4 Nxe2+ 20. Qxe2 Nxc4 21. Qxc4 Bxc3 22. bxc3 exd5 23. exd5 Qf6 24. Rb2 Rab8 25. Rfb1 Bxd5 26. Qxd5 Rxb2 27. Rxb2 Qxf4 28. Rd2 Re8 29. g3 Re1+ 30. Kg2 Qe5 31. Qxe5 dxe5 32. Rd5 Ra1 33. Rxc5 e4 34. Re5 f5 35. Rxe4 fxe4 0-1

[Event "Titled Tuesday intern op 23rd May Early"]
[Site "Chess.com INT"]
[Date "2023.05.23"]
[Round "3"]
[White "Makarian, Rudik"]
[Black "Mladek, Richard"]
[Result "1-0"]
[WhiteElo "2545"]
[BlackElo "2422"]
[PlyCount "99"]
[EventDate "2023.05.23"]
[EventType "swiss (blitz)"]
[EventRounds "11"]
[EventCountry "USA"]
[SourceTitle "CBM 214 Extra"]
[Source "ChessBase"]
[SourceDate "2023.07.31"]
[SourceVersion "1"]
[SourceVersionDate "2023.07.31"]
[SourceQuality "1"]

1. d4 d5 2. c4 e6 3. Nf3 Nf6 4. Nc3 Be7 5. Bf4 0-0 6. e3 b6 7. Qc2 dxc4 8. Bxc4 Ba6 9. Bxa6 Nxa6 10. Rd1 Qc8 11. 0-0 Qb7 12. a3 c5 13. dxc5 Nxc5 14. b4 Nce4 15. Nxe4 Nxe4 16. Rd4 Nf6 17. Rfd1 Rac8 18. Qb3 Nd5 19. Be5 Bf6 20. Rxd5 exd5 21. Bxf6 gxf6 22. Nd4 Qd7 23. h3 Rc4 24. Qb2 Rfc8 25. g4 Qc7 26. Nf5 Rc3 27. Rxd5 Qc4 28. Qd2 Rc1+ 29. Kh2 h5 30. Ne7+ Kg7 31. Nxc8 Qf1 32. Kg3 hxg4 33. hxg4 Qg1+ 34. Kf4 Rc4+ 35. Rd4 Qh2+ 36. Kf3 Qh1+ 37. Ke2 Rc1 38. Nd6 Qf1+ 39. Kf3 Qh3+ 40. Kf4 Qh2+ 41. Ke4 Qh1+ 42. f3 Rg1 43. Nf5+ Kg6 44. Kd5 Qxf3+ 45. Kd6 Rh1 46. Qd3 Kg5 47. Rd5 Rh8 48. Nd4+ Qxd5+ 49. Kxd5 Rd8+ 50. Ke4 1-0

[Event "CZE-chT 2223"]
[Site "Czech Republic"]
[Date "2023.03.24"]
[Round "9.1"]
[White "Kusa, Jakub"]
[Black "Mladek, Richard"]
[Result "1/2-1/2"]
[WhiteElo "2360"]
[BlackElo "2371"]
[PlyCount "156"]
[EventDate "2022.10.15"]
[EventType "team-tourn"]
[EventRounds "11"]
[EventCountry "CZE"]
[SourceTitle "CBM 213 Extra"]
[Source "ChessBase"]
[SourceDate "2023.05.31"]
[SourceVersion "1"]
[SourceVersionDate "2023.05.31"]
[SourceQuality "1"]
[WhiteTeam "Brno Moravska Slavia"]
[BlackTeam "Kromeriz Slavia"]
[WhiteTeamCountry "CZE"]
[BlackTeamCountry "CZE"]

1. d4 Nf6 2. c4 e6 3. Nf3 a6 4. Nc3 d5 5. cxd5 exd5 6. Bg5 Be6 7. e3 Nbd7 8. Bd3 h6 9. Bh4 g5 10. Bg3 Nh5 11. Qc2 Nxg3 12. hxg3 Bg7 13. Bf5 Qe7 14. g4 0-0-0 15. 0-0-0 Nb6 16. Rhe1 Kb8 17. e4 dxe4 18. Rxe4 Bxf5 19. Rxe7 Bxc2 20. Kxc2 Rhf8 21. Ne5 Nc8 22. Rxf7 Rxf7 23. Nxf7 Rf8 24. Ne5 Rf7 25. f3 Rxf3 26. Rd2 Rf4 27. Nd5 Bxe5 28. dxe5 Rxg4 29. Nf6 Rg3 30. Rd8 b6 31. e6 Re3 32. Re8 Kb7 33. Kd2 Re5 34. Ng4 Re4 35. Nxh6 Nd6 36. Re7 Kc6 37. Nf7 Kd5 38. Nxd6 Kxd6 39. Rd7+ Kc6 40. Rg7 Rg4 41. e7 Rxg2+ 42. Kc3 Re2 43. Rxg5 Rxe7 44. Rh5 b5 45. Rh6+ Kb7 46. Rh4 Re3+ 47. Kd2 Rg3 48. a4 Kb6 49. axb5 axb5 50. Kc2 Ka5 51. b4+ Kb6 52. Rh6+ c6 53. Rh7 Rg8 54. Kc3 Rc8 55. Rg7 Rc7 56. Rg6 Re7 57. Kd3 Re1 58. Kc3 Re3+ 59. Kc2 Re4 60. Kc3 Kc7 61. Rh6 Re3+ 62. Kc2 Kd7 63. Rg6 Re6 64. Rg3 Kd6 65. Kc3 Kd5 66. Rh3 Re4 67. Rh5+ Re5 68. Rh3 Rg5 69. Rd3+ Ke6 70. Re3+ Re5 71. Rh3 Rg5 72. Rh6+ Kd5 73. Rh3 Rf5 74. Rd3+ Ke4 75. Rd6 Rf3+ 76. Kc2 Rf2+ 77. Kb3 Rf3+ 78. Kc2 Rf2+ 1/2-1/2

[Event "CZE-chT 2223"]
[Site "Czech Republic"]
[Date "2023.02.18"]
[Round "7.6"]
[White "Mladek, Richard"]
[Black "Cerveny, Martin"]
[Result "1/2-1/2"]
[WhiteElo "2371"]
[BlackElo "2404"]
[PlyCount "78"]
[EventDate "2022.10.15"]
[EventType "team-tourn"]
[EventRounds "11"]
[EventCountry "CZE"]
[SourceTitle "CBM 213 Extra"]
[Source "ChessBase"]
[SourceDate "2023.05.31"]
[SourceVersion "1"]
[SourceVersionDate "2023.05.31"]
[SourceQuality "1"]
[WhiteTeam "Kromeriz Slavia"]
[BlackTeam "Lysa nad Labem"]
[WhiteTeamCountry "CZE"]
[BlackTeamCountry "CZE"]

1. d4 Nf6 2. c4 d6 3. Nc3 e5 4. d5 Be7 5. e4 0-0 6. Bd3 Na6 7. Nge2 c6 8. 0-0 Nc5 9. Bc2 a5 10. Ng3 Re8 11. a3 g6 12. Bd2 h5 13. b4 axb4 14. axb4 Rxa1 15. Qxa1 Na6 16. dxc6 h4 17. cxb7 Bxb7 18. Nge2 h3 19. Nd5 Nxd5 20. exd5 hxg2 21. Re1 Kg7 22. Bd3 Rh8 23. c5 Bf6 24. Bxa6 Qc8 25. Qa3 Bxa6 26. Qf3 dxc5 27. Ng3 cxb4 28. Bxb4 Bf1 29. Ne4 Bh4 30. Nd6 Qd7 31. Rxe5 Bf6 32. Rf5 gxf5 33. Nxf5+ Kh7 34. Qh5+ Kg8 35. Qg4+ Kh7 36. Qh3+ Kg6 37. Qg4+ Kh7 38. Qh3+ Kg6 39. Qg4+ Kh7 1/2-1/2

[Event "Titled Tuesday intern op 07th Feb Early"]
[Site "Chess.com INT"]
[Date "2023.02.07"]
[Round "3"]
[White "Mladek, Richard"]
[Black "De Vreugt, Dennis"]
[Result "0-1"]
[WhiteElo "2419"]
[BlackElo "2392"]
[PlyCount "51"]
[EventDate "2023.02.07"]
[EventType "swiss (blitz)"]
[EventRounds "11"]
[EventCountry "USA"]
[SourceTitle "EXT 2024"]
[Source "ChessBase"]
[SourceDate "2023.10.10"]
[SourceVersion "1"]
[SourceVersionDate "2023.10.10"]
[SourceQuality "1"]

1. d4 Nf6 2. c4 e6 3. Nc3 Bb4 4. e3 0-0 5. Bd2 d5 6. Nf3 b6 7. Rc1 Ba6 8. Qa4 Be7 9. cxd5 Bxf1 10. Rxf1 exd5 11. Ne5 c5 12. f4 a6 13. Kf2 c4 14. Kg1 Qe8 15. Qxe8 Rxe8 16. b3 b5 17. bxc4 dxc4 18. Be1 Nbd7 19. Nxd7 Nxd7 20. e4 Ba3 21. Rd1 b4 22. Nd5 c3 23. Bh4 Rxe4 24. Nc7 Rc8 25. Nxa6 c2 26. Rc1 0-1

[Event "Titled Tuesday intern op 31st Jan Early"]
[Site "Chess.com INT"]
[Date "2023.01.31"]
[Round "8"]
[White "Martinez, Shawn"]
[Black "Mladek, Richard"]
[Result "0-1"]
[WhiteElo "1881"]
[BlackElo "2416"]
[PlyCount "50"]
[EventDate "2023.01.31"]
[EventType "swiss (blitz)"]
[EventRounds "11"]
[EventCountry "USA"]
[SourceTitle "CBM 212 Extra"]
[Source "ChessBase"]
[SourceDate "2023.03.31"]
[SourceVersion "1"]
[SourceVersionDate "2023.03.31"]
[SourceQuality "1"]

1. d4 Nf6 2. c4 g6 3. Nc3 d5 4. cxd5 Nxd5 5. e4 Nxc3 6. bxc3 Bg7 7. Nf3 c5 8. Bc4 0-0 9. h3 Nc6 10. Be3 cxd4 11. cxd4 Qa5+ 12. Kf1 b6 13. Kg1 Ba6 14. Bb3 Rad8 15. d5 Ne5 16. Nd4 Bc4 17. f4 Qc3 18. Bf2 Nd3 19. Bxc4 Nxf2 20. Kxf2 Bxd4+ 21. Kf1 Qxc4+ 22. Qe2 Qxe2+ 23. Kxe2 Bxa1 24. Rxa1 Rc8 25. Kd3 Rc5 0-1

[Event "Titled Tuesday intern op 31st Jan Early"]
[Site "Chess.com INT"]
[Date "2023.01.31"]
[Round "7"]
[White "Mladek, Richard"]
[Black "Hartikainen, Jarmo"]
[Result "1-0"]
[WhiteElo "2416"]
[BlackElo "2118"]
[PlyCount "71"]
[EventDate "2023.01.31"]
[EventType "swiss (blitz)"]
[EventRounds "11"]
[EventCountry "USA"]
[SourceTitle "CBM 212 Extra"]
[Source "ChessBase"]
[SourceDate "2023.03.31"]
[SourceVersion "1"]
[SourceVersionDate "2023.03.31"]
[SourceQuality "1"]

1. e4 c5 2. Nf3 e6 3. d4 cxd4 4. Nxd4 Nc6 5. Nc3 Qc7 6. Be3 a6 7. Qf3 h5 8. 0-0-0 h4 9. g4 b5 10. Bg2 Bb7 11. h3 d6 12. Kb1 Be7 13. g5 Ne5 14. Qe2 0-0-0 15. f4 Nc4 16. Ndxb5 axb5 17. Nxb5 Nxe3 18. Nxc7 Nxd1 19. Nb5 Nxb2 20. Kxb2 f6 21. Qc4+ Kd7 22. Qc7+ Ke8 23. Qxb7 fxg5 24. e5 d5 25. fxg5 Rh5 26. Qc6+ Kf7 27. Rf1+ Kg6 28. Qxe6+ Kh7 29. Qf5+ Kh8 30. Nd6 Bxd6 31. exd6 Rxd6 32. Bf3 Rb6+ 33. Kc1 Rh7 34. Bxd5 Rb8 35. Be4 Rh5 36. Qg6 1-0

[Event "Titled Tuesday intern op 31st Jan Late"]
[Site "Chess.com INT"]
[Date "2023.01.31"]
[Round "4"]
[White "Terry, Renato"]
[Black "Mladek, Richard"]
[Result "1-0"]
[WhiteElo "2516"]
[BlackElo "2416"]
[PlyCount "85"]
[EventDate "2023.01.31"]
[EventType "swiss (blitz)"]
[EventRounds "11"]
[EventCountry "USA"]
[SourceTitle "CBM 212 Extra"]
[Source "ChessBase"]
[SourceDate "2023.03.31"]
[SourceVersion "1"]
[SourceVersionDate "2023.03.31"]
[SourceQuality "1"]

1. e4 e5 2. Nf3 Nc6 3. c3 Nf6 4. d4 exd4 5. e5 Ne4 6. Qe2 d5 7. exd6 f5 8. Nxd4 Nxd4 9. cxd4 Bxd6 10. f3 Qh4+ 11. g3 Bxg3+ 12. hxg3 Qxh1 13. fxe4 fxe4 14. Nc3 0-0 15. Bf4 Bf5 16. 0-0-0 Bg6 17. Qc4+ Kh8 18. Be2 Qh2 19. d5 Rac8 20. Qd4 a6 21. Qe3 b5 22. a3 Qh3 23. Na2 Rfe8 24. Nb4 a5 25. Nc6 b4 26. a4 Bh5 27. Kb1 Bxe2 28. Qxe2 Qf5 29. Qe3 b3 30. Rd4 Qg6 31. Ka1 h6 32. Qxb3 e3 33. Bxe3 Qxg3 34. Rd3 Qf3 35. Ka2 Qf5 36. Bd4 Kh7 37. Rg3 Rg8 38. Ne7 Qf7 39. Qd3+ g6 40. Nxg8 Qxd5+ 41. b3 Rxg8 42. Qc4 Qf7 43. Qxf7+ 1-0

[Event "CZE-chT 2223"]
[Site "Czech Republic"]
[Date "2023.01.07"]
[Round "5.4"]
[White "Seemann, Jakub"]
[Black "Mladek, Richard"]
[Result "1/2-1/2"]
[WhiteElo "2375"]
[BlackElo "2371"]
[PlyCount "81"]
[EventDate "2022.10.15"]
[EventType "team-tourn"]
[EventRounds "11"]
[EventCountry "CZE"]
[SourceTitle "CBM 213 Extra"]
[Source "ChessBase"]
[SourceDate "2023.05.31"]
[SourceVersion "1"]
[SourceVersionDate "2023.05.31"]
[SourceQuality "1"]
[WhiteTeam "Hostalkova"]
[BlackTeam "Kromeriz Slavia"]
[WhiteTeamCountry "CZE"]
[BlackTeamCountry "CZE"]

1. e4 e5 2. Nf3 Nc6 3. Bb5 a6 4. Ba4 Nf6 5. 0-0 Be7 6. Re1 b5 7. Bb3 0-0 8. a4 Bb7 9. d3 d6 10. Bd2 Qd7 11. Nc3 Na5 12. Ba2 b4 13. Nd5 Bxd5 14. exd5 Rab8 15. d4 e4 16. Ng5 Qf5 17. Qe2 b3 18. Bxa5 bxa2 19. Nxe4 Rxb2 20. Bc3 Rb1 21. Nxf6+ Bxf6 22. Raxb1 axb1R 23. Rxb1 Qxd5 24. Qxa6 Qa2 25. Qb5 Qxc2 26. Qb3 Qxb3 27. Rxb3 Ra8 28. Kf1 Kf8 29. a5 Ke7 30. Ke2 c5 31. Kd3 cxd4 32. Bd2 Ke6 33. g4 g5 34. Rb5 h6 35. Ke4 Rc8 36. Bb4 Bd8 37. Kxd4 Rc2 38. Rb8 Bc7 39. Rh8 Ra2 40. Rxh6+ f6 41. h4 1/2-1/2

[Event "CZE-chT2A 2223"]
[Site "Czech Republic"]
[Date "2022.12.18"]
[Round "5.1"]
[White "Civin, Tomas"]
[Black "Mladek, Richard"]
[Result "0-1"]
[WhiteElo "2394"]
[BlackElo "2374"]
[PlyCount "102"]
[EventDate "2022.10.16"]
[EventType "team-tourn"]
[EventRounds "11"]
[EventCountry "CZE"]
[SourceTitle "EXT 2024"]
[Source "ChessBase"]
[SourceDate "2023.10.10"]
[SourceVersion "1"]
[SourceVersionDate "2023.10.10"]
[SourceQuality "1"]
[WhiteTeam "Tabor"]
[BlackTeam "Vlasim"]
[WhiteTeamCountry "CZE"]
[BlackTeamCountry "CZE"]

1. e4 e5 2. Nc3 Nc6 3. Bc4 Nf6 4. d3 Bc5 5. Nf3 h6 6. a3 a6 7. Be3 d6 8. h3 0-0 9. 0-0 Re8 10. Nd5 Be6 11. Nd2 Ba7 12. Bxa7 Rxa7 13. f4 exf4 14. Nxf4 Bxc4 15. Nxc4 d5 16. exd5 Nxd5 17. Qf3 Nxf4 18. Qxf4 Qd4+ 19. Qxd4 Nxd4 20. c3 Ne2+ 21. Kh2 b5 22. Nd2 c5 23. Rae1 Rae7 24. Rf2 Re5 25. Nb3 h5 26. Nxc5 h4 27. d4 R5e7 28. Nd3 Re4 29. Rd1 f6 30. d5 Ng3 31. d6 Rd8 32. Nc5 Re5 33. b4 Rxd6 34. Ra1 Red5 35. a4 bxa4 36. Rfa2 Rd2 37. Rxd2 Rxd2 38. Nxa4 Rc2 39. Nc5 Rxc3 40. Nxa6 Rb3 41. Nc5 Rxb4 42. Ra4 Rxa4 43. Nxa4 Ne2 44. Nc5 Kf7 45. Ne4 Ke6 46. Nd2 Kf5 47. Nf3 g5 48. Kh1 Kf4 49. Kh2 Ke3 50. Ne1 Nd4 51. g3 Nf3+ 0-1

[Event "Titled Tuesday intern op 06th Dec Late"]
[Site "Chess.com INT"]
[Date "2022.12.06"]
[Round "5"]
[White "Ardila, Oscar Humberto"]
[Black "Mladek, Richard"]
[Result "0-1"]
[WhiteElo "1997"]
[BlackElo "2387"]
[PlyCount "134"]
[EventDate "2022.12.06"]
[EventType "swiss (blitz)"]
[EventRounds "11"]
[EventCountry "USA"]
[SourceTitle "CBM 211 Extra"]
[Source "ChessBase"]
[SourceDate "2023.01.31"]
[SourceVersion "1"]
[SourceVersionDate "2023.01.31"]
[SourceQuality "1"]

1. d4 b5 2. e4 Bb7 3. Bd3 c5 4. dxc5 e6 5. Be3 Nf6 6. f3 Na6 7. Nc3 b4 8. Bxa6 Bxa6 9. Nce2 Qc7 10. Qd4 e5 11. Qxb4 Rb8 12. Qc3 Be7 13. 0-0-0 0-0 14. g4 Rfc8 15. g5 Nh5 16. Ng3 Nf4 17. Nf5 Bxc5 18. Bxc5 Qxc5 19. Qxc5 Rxc5 20. Rxd7 Nd3+ 21. Rxd3 Bxd3 22. c3 g6 23. Ne3 a5 24. Nh3 a4 25. Nf2 Bc4 26. a3 Be6 27. Rd1 Rcb5 28. Rd2 Kg7 29. Nd5 Rd8 30. Nb4 Rc8 31. Nfd3 h6 32. gxh6+ Kxh6 33. f4 exf4 34. Nxf4 Bb3 35. h4 Re5 36. Rd4 f5 37. exf5 Rxf5 38. Nbd3 Re8 39. Kd2 Rf6 40. Rd7 Ref8 41. Ke3 Bc4 42. Rc7 Bxd3 43. Nxd3 Rf3+ 44. Kd4 Rd8+ 45. Ke4 Rdxd3 46. Ra7 Rh3 47. c4 Rde3+ 48. Kd5 Rb3 49. c5 Rxh4 50. c6 Rxb2 51. c7 Rc2 52. Kd6 Rhc4 53. Kd7 g5 54. Ra6+ Kh5 55. Kd6 g4 56. Ra5+ Kh4 57. Ra8 Rxc7 58. Rxa4 R7c4 59. Ra8 g3 60. Rh8+ Kg4 61. Kd5 Rf4 62. Ke5 Kf3 63. Rg8 Re2+ 64. Kd5 g2 65. a4 Rxa4 66. Rf8+ Rf4 67. Rg8 Kf2 0-1

[Event "Titled Tuesday intern op 06th Dec Late"]
[Site "Chess.com INT"]
[Date "2022.12.06"]
[Round "2"]
[White "Jobava, Baadur"]
[Black "Mladek, Richard"]
[Result "1-0"]
[WhiteElo "2578"]
[BlackElo "2387"]
[PlyCount "159"]
[EventDate "2022.12.06"]
[EventType "swiss (blitz)"]
[EventRounds "11"]
[EventCountry "USA"]
[SourceTitle "CBM 211 Extra"]
[Source "ChessBase"]
[SourceDate "2023.01.31"]
[SourceVersion "1"]
[SourceVersionDate "2023.01.31"]
[SourceQuality "1"]

1. d4 d5 2. Nc3 Nf6 3. Bf4 c5 4. e3 cxd4 5. exd4 a6 6. Bd3 Nc6 7. Nge2 Bg4 8. f3 Bh5 9. h4 e6 10. g4 Bg6 11. h5 Bxd3 12. Qxd3 h6 13. 0-0-0 Bd6 14. Qe3 Bxf4 15. Nxf4 Qd6 16. Nd3 Rc8 17. Kb1 Nd7 18. Ne2 Na5 19. b3 Qb6 20. Nb2 Qc7 21. Rd2 b5 22. Nf4 Kf8 23. Nfd3 Rb8 24. Re1 Qc3 25. Nc5 Qxe3 26. Nxd7+ Ke7 27. Rxe3 Kxd7 28. Nd3 Nc6 29. Nc5+ Kd6 30. Nxa6 Ra8 31. Nc5 Nxd4 32. Ne4+ dxe4 33. Rxd4+ Ke7 34. Rexe4 Rhd8 35. Kb2 Rxd4 36. Rxd4 f5 37. gxf5 exf5 38. Rd5 g6 39. hxg6 Kf6 40. Rxb5 h5 41. Rb6+ Kg5 42. g7 Rg8 43. a4 h4 44. b4 h3 45. Rd6 h2 46. Rd1 Rxg7 47. Rh1 Rh7 48. a5 Kf4 49. a6 Kxf3 50. a7 Rxa7 51. Rxh2 Kg3 52. Rh6 f4 53. Rg6+ Kh3 54. Rf6 Kg3 55. c4 f3 56. b5 f2 57. Kb3 Re7 58. Kb4 Re3 59. Rxf2 Kxf2 60. b6 Re1 61. c5 Ke3 62. c6 Kd4 63. c7 Rb1+ 64. Ka3 Rc1 65. b7 Rxc7 66. b8Q Rc5 67. Qf4+ Kd5 68. Kb4 Rc6 69. Qf5+ Kd6 70. Kb5 Rc7 71. Qf4+ Kd7 72. Qf5+ Kd6 73. Qf6+ Kd7 74. Kb6 Rc8 75. Qf7+ Kd6 76. Qf4+ Kd7 77. Qf5+ Kd8 78. Qe5 Kd7 79. Kb7 Rc6 80. Qg7+ 1-0